| 000 | 00703nam a2200205 a 4500 | ||
|---|---|---|---|
| 005 | 20250820063901.0 | ||
| 008 | 010528s1999 mx r 000 0 spa d | ||
| 020 | _a9701023994 | ||
| 035 | _aUPN01000144288 | ||
| 049 | _aCG | ||
| 050 | 4 |
_aTS156.6 _bG6.4 |
|
| 100 | 1 | _aGonzález González, Carlos | |
| 245 | 1 | 0 |
_aIS0 9000 QS-9000 ISO 14000 : _bnormas internacionales de administración de calidad, sistemas de calidad y sistemas ambientales / _cCarlos González González. |
| 260 |
_aMéxico : _bMcGraw-Hill Interamericana, _cc1999. |
||
| 300 |
_axviii, 574 p. : _bgráfs. |
||
| 650 | 4 |
_aNORMAS ISO 9000 _95629 |
|
| 650 | 2 |
_aCalidad total _91086 |
|
| 650 | 4 |
_aNORMAS ISO 14000 _93968 |
|
| 905 | _aLibro | ||
| 999 |
_c116435 _d116435 |
||